Quiz rétrospectif : 2023 en revue - Statistiques

Statistiques générales
  • Ce quiz a été pris 572 fois
  • Le résultat moyen est 12 sur 20
Statistiques - réponses
Questions Réponses % Correct
Couronnement de ce roi, huit mois après la mort de sa mère Charles III
89%
Catastrophe qui a frappé le Maroc, faisant plus de 3000 morts Séisme
85%
Réforme du gouvernement particulièrement impopulaire qui a provoqué deviolentes manifestations au printemps Réforme des retraites
83%
Groupe nationaliste palestinien ayant perpétré une attaque contre Israëlle 7 octobre Hamas
80%
Évènement sportif majeur accueilli par la France entre septembre et octobre Coupe du monde de rugby
75%
Sitcom qui a révélé Matthew Perry, décédé le 28 octobre Friends
72%
Président brésilien qui est entré en fonction le 1er janvier Lula
69%
La Cour pénale internationale émet un mandat d’arrêt contre ce dirigeant Vladimir Poutine
68%
Javier Milei est élu président de ce pays Argentine
65%
Personnage incarné par Michael Gambon dans la saga "Harry Potter",mort à 82 ans Albus Dumbledore
62%
Chanteuse britannique et compagne de Serge Gainsbourg, morte le 16 juillet. Jane Birkin
59%
Les autorités perdent la trace du Titan, mais quel genre d'infrastructureétait le Titan ? Un sous-marin
57%
Ville où s'est déroulé la COP 28 Dubaï
53%
Ancien Premier ministre italien et ancien propriétaire du club de l'AC Milan,mort le 12 juin Silvio Berlusconi
52%
Groupe paramilitaire russe ayant perdu son dirigeant, Evguéni Prigojine Wagner
52%
Footballeur français recordman du plus grand nombre de buts enCoupe du monde, mort le 28 février Just Fontaine
51%
Chanteuse américaine qui était "Simply the Best", décédée le 24 mai Tina Turner
44%
Groupe britannique ayant sorti un morceau plus de 50 ans après saséparation, "Now and Then". Les Beatles
43%
Groupe britannique ayant sorti son 24e album studio, "Hackney Diamonds" Les Rolling Stones
40%
Personnalité de l'année selon le magazine américain Time Taylor Swift
22%
Aucun quiz correspondant
Distribution des résultats
% des personnes avec chaque résultat
Percentile par nombre de réponses
Votre historique - résultats
Vous n’avez pas pris ce quiz